Rise Against - Prayer of the Refugee (lyrics) - Statistics

General Stats
  • This quiz has been taken 21 times
  • The average score is 301 of 353
Answer Stats
Lyrics % Correct
a
100%
and
100%
Don't
100%
don't
100%
hold
100%
I
100%
(I
100%
me
100%
no
100%
No
100%
now
100%
on
100%
up
100%
you
100%
You
100%
can
94%
down
94%
ground
94%
ground)
94%
help
94%
help)
94%
so
94%
So
94%
stand
94%
we
94%
We
94%
will
94%
your
94%
be
89%
by
89%
my
89%
need
89%
one
89%
own
89%
that
89%
the
89%
The
89%
who
89%
come
83%
fire
83%
let
83%
morning
83%
of
83%
Of
83%
son
83%
soon
83%
tell
83%
are
78%
could
78%
I'll
78%
once
78%
place
78%
time
78%
better
72%
call
72%
home
72%
knew
72%
life
72%
stories
72%
us
72%
cold
67%
dust
67%
everything
67%
had
67%
hungry
67%
in
67%
kept
67%
ones
67%
Warm
67%
what
67%
yourself
67%
angry
61%
desperate
61%
did
61%
our
61%
safety
61%
were
61%
we've
61%
We've
61%
all
56%
always
56%
behind
56%
Go
56%
known
56%
quiet
56%
touch
56%
Keep
50%
left
50%
nails
50%
reclaimed
50%
sing
50%
told
50%
we'll
50%
you've
50%
bags
44%
Before
44%
Broken
44%
lives
44%
longer
44%
lost
44%
packed
44%
pulling
44%
this
44%
way
44%
ashes
39%
been
39%
calm
39%
day
39%
open
39%
windows
39%
But
33%
child
33%
eyes
33%
let's
33%
out
33%
through
33%
guiding
28%
slept
28%
while
28%
sweating
22%
No matching quizzes found
Score Distribution
Percent of People with Each Score
Percentile by Number Answered
Your Score History
You have not taken this quiz